Géographie: Le jeu des frontières #5 - Statistiques

Statistiques générales
  • Ce quiz a été pris 147 fois
  • Le résultat moyen est 46 sur 64
Statistiques - réponses
Question Tuile Select % Correct
entre le Brésil et le Tadjikistan Ouzbékistan Non
95%
entre le Brésil et le Tadjikistan Argentine Non
93%
entre le Brésil et le Tadjikistan bateau Oui
93%
entre le Brésil et le Tadjikistan Turkménistan Non
93%
entre le Brésil et le Tadjikistan Bolivie Non
92%
entre le Royaume-Uni et le Tchad Luxembourg Non
90%
entre le Royaume-Uni et le Tchad Belgique Non
89%
entre le Brésil et le Tadjikistan Chili Non
89%
entre le Royaume-Uni et le Tchad Irlande Non
89%
entre le Brésil et le Tadjikistan Mongolie Non
89%
entre le Royaume-Uni et le Tchad Pays-Bas Non
89%
entre le Royaume-Uni et le Tchad Allemagne Non
88%
entre le Royaume-Uni et le Tchad Suisse Non
88%
entre le Brésil et le Tadjikistan Afghanistan Non
86%
entre le Royaume-Uni et le Tchad Autriche Non
85%
entre le Brésil et le Tadjikistan Tadjikistan Oui
85%
entre l'Autriche et le Zimbabwe Malawi Non
85%
entre Singapour et les États-Unis Panama Non
85%
entre Singapour et les États-Unis Belize Non
83%
entre Singapour et les États-Unis Chine Non
83%
entre Singapour et les États-Unis Timor oriental Non
83%
entre Singapour et les États-Unis Canada Non
82%
entre Singapour et les États-Unis Nicaragua Non
82%
entre Singapour et les États-Unis Thaïlande Non
82%
entre Singapour et les États-Unis Honduras Non
81%
entre le Brésil et le Tadjikistan Paraguay Non
81%
entre Singapour et les États-Unis Costa Rica Non
80%
entre le Royaume-Uni et le Tchad Espagne Non
80%
entre l'Autriche et le Zimbabwe France Non
80%
entre l'Autriche et le Zimbabwe Allemagne Non
79%
entre Singapour et les États-Unis Guatemala Non
79%
entre le Royaume-Uni et le Tchad bateau Oui
79%
entre le Royaume-Uni et le Tchad Tchad Oui
78%
entre l'Autriche et le Zimbabwe R.D.Congo Non
77%
entre Singapour et les États-Unis Indonésie Non
76%
entre Singapour et les États-Unis Malaisie Non
76%
entre l'Autriche et le Zimbabwe Suisse Non
76%
entre l'Autriche et le Zimbabwe Mozambique Non
74%
entre Singapour et les États-Unis États-Unis Oui
73%
entre Singapour et les États-Unis avion Oui
73%
entre l'Autriche et le Zimbabwe Libye Non
73%
entre le Brésil et le Tadjikistan Brésil Oui
72%
entre l'Autriche et le Zimbabwe Zimbabwe Oui
72%
entre l'Autriche et le Zimbabwe Somalie Non
72%
entre le Royaume-Uni et le Tchad Algérie Non
68%
entre l'Autriche et le Zimbabwe Kenya Non
68%
entre l'Autriche et le Zimbabwe Autriche Oui
63%
entre Singapour et les États-Unis Singapour Oui
63%
entre le Brésil et le Tadjikistan Chine Non
63%
entre le Royaume-Uni et le Tchad Royaume-Uni Oui
62%
entre le Royaume-Uni et le Tchad Libye Oui
61%
entre l'Autriche et le Zimbabwe avion Non
60%
entre le Royaume-Uni et le Tchad France Non
58%
entre l'Autriche et le Zimbabwe bateau Oui
54%
entre le Brésil et le Tadjikistan Russie Oui
48%
entre le Royaume-Uni et le Tchad bateau Oui
47%
entre l'Autriche et le Zimbabwe Italie Oui
45%
entre le Brésil et le Tadjikistan Kazakhstan Oui
38%
entre le Brésil et le Tadjikistan Kirghizistan Oui
37%
entre le Royaume-Uni et le Tchad Italie Oui
32%
entre l'Autriche et le Zimbabwe Zambie Oui
30%
entre Singapour et les États-Unis Mexique Oui
29%
entre le Brésil et le Tadjikistan Uruguay Oui
23%
entre l'Autriche et le Zimbabwe Tanzanie Oui
22%
Aucun quiz correspondant
Distribution des résultats
% des personnes avec chaque résultat
Percentile par nombre de réponses
Votre historique - résultats
Vous n’avez pas pris ce quiz